Žiadúce smery rozvoja platených služieb a nástroje ich spoločenského usmerňovania I. etapa: Ciele a smery ďalšieho rozvoja platených služieb

Na minha lista:
Detalhes bibliográficos
Autor principal: Michalová, Valéria
Outros Autores: Krištofičová, Mária, Orságová, Soňa, Zakarovská, Mária, Novák, Ilja, Faifr, Vladimír
Formato: Livro
Idioma:eslovaco
Publicado em: Bratislava Výskumný ústav životnej úrovne 1983
Colecção:Výskumná úloha č. 290
Assuntos:
Tags: Adicionar Tag
Sem tags, seja o primeiro a adicionar uma tag!

MARC

LEADER 00000nam a2200000 4500
001 c114060
005 20221103090606.8
041 0 |a slo 
044 |a SK 
245 1 0 |a Žiadúce smery rozvoja platených služieb a nástroje ich spoločenského usmerňovania  |b I. etapa: Ciele a smery ďalšieho rozvoja platených služieb  |c zodpovedný riešiteľ: Valéria Michalová 
264 1 |a Bratislava  |b Výskumný ústav životnej úrovne  |c 1983 
300 |a 173 s. 
490 1 |a Výskumná úloha  |v č. 290 
830 0 |a Výskumná úloha  |v č. 290 
610 2 0 |a služby platené 
610 2 0 |a služby 
100 1 |a Michalová, Valéria 
700 1 |a Krištofičová, Mária 
700 1 |a Orságová, Soňa 
700 1 |a Zakarovská, Mária 
700 1 |a Novák, Ilja 
700 1 |a Faifr, Vladimír